500 câu hỏi đáp về thực hành sữa chữa xe máy

Đã lưu trong:
Bibliografiske detaljer
Hovedforfatter: Trần, Văn Đức
Format: Bog
Sprog:Undetermined
Udgivet: Hà Nội Thanh Niên 2007
Fag:
Tags: Tilføj Tag
Ingen Tags, Vær først til at tagge denne postø!
Thư viện lưu trữ: Trung tâm Học liệu Trường Đại học Cần Thơ
LEADER 00596nam a2200205Ia 4500
001 CTU_128397
008 210402s9999 xx 000 0 und d
020 |c 65000 
082 |a 629.28775 
082 |b Đ552 
100 |a Trần, Văn Đức 
245 0 |a 500 câu hỏi đáp về thực hành sữa chữa xe máy 
245 0 |c Trần Văn Đức 
260 |a Hà Nội 
260 |b Thanh Niên 
260 |c 2007 
650 |a Motorcycles 
650 |x Maintenance and repair 
904 |i Tuyến 
980 |a Trung tâm Học liệu Trường Đại học Cần Thơ